000 00877nam a22002417a 4500
001 2402
003 FISKH
005 20231124103944.0
008 231124b cb ||||| |||| 00| 0 eng d
020 _a9780439227155
040 _aFISKH
_beng
_cFISKH
_dFISKH
050 _aPZ7
082 _a843.8
100 _aVerne, Jules
245 _a20,000 leagues under the sea /
_cJules Verne ; with an introduction by Bruce Coville
250 _aThis edition publish, 2000
260 _aNew York :
_bScholastic,
_c1869
300 _a425 pages :
_c18 cm
520 _aRetells the adventures of a French professor and his two companions as they sail above and below the world's oceans as prisoners on the fabulous electric submarine of the deranged Captain Nemo.
521 8 _a990
_bLexile estimate
650 _aUnder the sea
_vJuvenile literature
942 _2ddc
_cBK
_n0
999 _c2402
_d2402